00937 2200325 4500001002100000005001500021035002000036007000300056008004100059040001700100100001800117245009500135250000900230300006100239504002500300020002200325041000800347082001100355084001700366090002100383260003200404500002900436650000900465700003100474850001000505990002400515990002400539990002400563990002400587INLIS00000000000275720260531094434 a0010-0720000040ta260531 j 0 ind  aSBPUPADbind0 aAri Wulandari1 aKisah KlasikDari Papua :bWoiram Yang Perkasa /cAri Wulandari; Editor: Th. Arie Prabawati aEd.1 avi, 172 hlm. :bilus. ;c24 cmeBibliografi, hlm 167-169 aBibliografi, hlm 167 a978-979-29-6757-907aind a398.23 a398.23 ARI k a398.23 ARI k 3-4 a--Yogyakarta :bAndi,c2018 aTentang Penulis, hlm 171 4aAnak0 aEditor: Th. Arie Prabawati aPUPAD a34.561/DAK/DPK/2019 a34.563/DAK/DPK/2019 a34.564/DAK/DPK/2019 a34.562/DAK/DPK/2019